Chambers (Record no. 352081)
[ view plain ]
| 000 -LEADER | |
|---|---|
| fixed length control field | 00519nam a22001697a 4500 |
| 003 - CONTROL NUMBER IDENTIFIER | |
| control field | OSt |
| 005 - DATE AND TIME OF LATEST TRANSACTION | |
| control field | 20180116183107.0 |
| 008 - FIXED-LENGTH DATA ELEMENTS--GENERAL INFORMATION | |
| fixed length control field | 170830b xxu||||| |||| 00| 0 eng d |
| 020 ## - INTERNATIONAL STANDARD BOOK NUMBER | |
| International Standard Book Number | 9780550118233 |
| 040 ## - CATALOGING SOURCE | |
| Transcribing agency | 0 |
| 082 ## - DEWEY DECIMAL CLASSIFICATION NUMBER | |
| Classification number | 413.1 KIR 1986 |
| 100 ## - MAIN ENTRY--PERSONAL NAME | |
| Personal name | Edited by E.M. Kirkpatrick and C.M. Schwarz |
| 245 ## - TITLE STATEMENT | |
| Title | Chambers |
| Remainder of title | Idioms |
| Statement of responsibility, etc. | Edited by E.M. Kirkpatrick and C.M. Schwarz |
| 260 ## - PUBLICATION, DISTRIBUTION, ETC. | |
| Place of publication, distribution, etc. | UK |
| Name of publisher, distributor, etc. | Kyodo Shing Loong Printing Industries Pte. Ltd. |
| Date of publication, distribution, etc. | 1986 |
| 440 ## - SERIES STATEMENT/ADDED ENTRY--TITLE | |
| Title | Chambers Idioms |
| 942 ## - ADDED ENTRY ELEMENTS (KOHA) | |
| Source of classification or shelving scheme | |
| Koha item type | Book |
| Call number prefix | 413.1 KIR 1986 |
| Withdrawn status | Lost status | Source of classification or shelving scheme | Damaged status | Not for loan | Collection code | Permanent Location | Current Location | Shelving location | Date acquired | Total Checkouts | Full call number | Barcode | Date last seen | Date last checked out | Price effective from | Koha item type | Public note |
|---|---|---|---|---|---|---|---|---|---|---|---|---|---|---|---|---|---|
| Central Library (CL) | Central Library (CL) | General Stacks | 08/30/2017 | 2 | 413.1 KIR 1986 | NBS1427 | 09/29/2022 | 08/29/2022 | 08/30/2017 | Book | No:67/2004/NIMS, Dated:23 August 2004 |
